[Event "Ctor por Equipos de Aragon-Division de Honor"]
[Site ""]
[Date "2023.02.25"]
[Round "5.27"]
[White "Lacruz Algarate, Alvaro"]
[Black "Pellicer Cemeli, Jose Luis"]
[Result "1-0"]
[WhiteElo "2113"]
[BlackElo "1955"]
[PlyCount "0"]
[WhiteTeam "Palacio De Pioneros A"]
[BlackTeam "L'Aurora Estadilla"]
[EventDate "2023.01.28"]

1. e4 c5 2. Nf3 g6 3. d4 cxd4 4. Nxd4 Bg7 5. Nc3 Nc6 6. Be3 Nf6 7. Be2 d6 8.
Qd2 Qa5 9. O-O-O O-O 10. Kb1 Nxd4 11. Bxd4 Qd8 12. h4 Be6 13. h5 b5 14. hxg6
fxg6 15. Bxb5 Qa5 16. Bd3 Rf7 17. Bxf6 Bxf6 18. Nd5 Qa4 19. Nxf6+ Rxf6 20. b3
Qd4 21. Qh6 Rf7 22. e5 Qxe5 23. Rde1 Qf6 24. Bxg6 Qxg6 25. Qxg6+ hxg6 26. Rxe6
Rxf2 27. Rxe7 Rc8 28. Rhh7 Rcxc2 29. Reg7+ Kf8 30. Rxa7 Kg8 31. Rhd7 Rb2+ 32.
Ka1 Rbd2 33. Ra8+ Rf8 34. Rxf8+ Kxf8 35. a4 Ke8 36. Rg7 Rxg2 37. a5 Rg5 38. b4
Rb5 39. a6 Rxb4 40. a7 Ra4+ 41. Kb2 Kf8 42. Rb7 g5 43. Kc3 g4 44. Kd3 1-0

[Event "Ctor por Equipos de Aragon-Division de Honor"]
[Site ""]
[Date "2023.02.25"]
[Round "5.28"]
[White "Rodriguez Avellanas, Jose Manuel"]
[Black "Dan, Teodor"]
[Result "0-1"]
[WhiteElo "1627"]
[BlackElo "2045"]
[PlyCount "0"]
[WhiteTeam "L'Aurora Estadilla"]
[BlackTeam "Palacio De Pioneros A"]
[EventDate "2023.01.28"]

1. c4 Nf6 2. Nc3 g6 3. g3 Bg7 4. Bg2 O-O 5. d3 d6 6. e3 c5 7. Nge2 Nc6 8. O-O
e5 9. Nd5 Nxd5 10. cxd5 Ne7 11. Nc3 Bd7 12. Rb1 b5 13. b3 f5 14. Qc2 Qa5 15. a4
b4 16. Ne2 Rac8 17. Bb2 Qb6 18. Qd2 Qb7 19. e4 fxe4 20. dxe4 c4 21. bxc4 Rxc4
22. a5 Rfc8 23. Rfc1 Qa6 24. Ra1 R4c5 25. Bf1 Qb7 26. Rxc5 Rxc5 27. Nc1 a6 28.
Nd3 Rb5 29. Nxe5 dxe5 30. Bxb5 Qxb5 31. Kg2 Qc4 32. f3 Bh6 33. Qf2 Nc8 34. Bxe5
Qd3 35. Qd4 Qe2+ 36. Qf2 Bh3+ 0-1

[Event "Ctor por Equipos de Aragon-Division de Honor"]
[Site ""]
[Date "2023.02.25"]
[Round "5.29"]
[White "Llanes Luno, Ricardo"]
[Black "Luis Vitalla, Fernando"]
[Result "1/2-1/2"]
[WhiteElo "2164"]
[BlackElo "2097"]
[PlyCount "0"]
[WhiteTeam "Delicias"]
[BlackTeam "Atletismo Huesca"]
[EventDate "2023.01.28"]

1. e4 e5 2. Nf3 Nc6 3. Bc4 Bc5 4. c3 Nf6 5. d4 exd4 6. cxd4 Bb4+ 7. Nbd2 d5 8.
exd5 Nxd5 9. O-O O-O 10. h3 Bf5 11. a3 Be7 12. Re1 Bf6 13. Ne4 Bxe4 14. Rxe4
Qd6 15. Bg5 Rad8 16. Rh4 h6 17. Bxf6 Nxf6 18. Qd2 Ne7 19. Bd3 Ng6 20. Bxg6 fxg6
21. Rf4 Rfe8 22. Rd1 Qe6 23. Re1 Qd5 24. Rxe8+ Rxe8 25. Qc2 g5 26. Rf5 Qe4 27.
Qb3+ Qe6 28. Qd3 1/2-1/2

[Event "Ctor por Equipos de Aragon-Division de Honor"]
[Site ""]
[Date "2023.02.25"]
[Round "5.30"]
[White "Salamero Pelay, Fernando"]
[Black "Lamas Mercadal, Manuel"]
[Result "0-1"]
[WhiteElo "2062"]
[BlackElo "2107"]
[PlyCount "0"]
[WhiteTeam "Atletismo Huesca"]
[BlackTeam "Delicias"]
[EventDate "2023.01.28"]

1. e4 c5 2. Nf3 Nc6 3. d4 cxd4 4. Nxd4 e5 5. Nb5 d6 6. N1c3 a6 7. Na3 Be7 8.
Nc4 b5 9. Ne3 Nf6 10. Bd3 Nb4 11. O-O O-O 12. a4 Nxd3 13. Qxd3 Be6 14. Ned5
Bxd5 15. Nxd5 Nxd5 16. Qxd5 Rc8 17. c3 Rc4 18. axb5 axb5 19. Ra7 Bg5 20. Be3 g6
21. h4 Bf4 22. g3 Qc8 23. gxf4 Qg4+ 24. Kh2 Qxh4+ 25. Kg2 Qg4+ 26. Kh2 exf4 27.
Bd4 f3 0-1

[Event "Ctor por Equipos de Aragon-Division de Honor"]
[Site ""]
[Date "2023.02.25"]
[Round "5.31"]
[White "Llanes Luno, Pedro Alfredo"]
[Black "Gella Bitrian, Diego"]
[Result "1-0"]
[WhiteElo "2048"]
[BlackElo "2023"]
[PlyCount "0"]
[WhiteTeam "Delicias"]
[BlackTeam "Atletismo Huesca"]
[EventDate "2023.01.28"]

1. e4 c5 2. Nf3 d6 3. d4 Nf6 4. Nc3 cxd4 5. Nxd4 a6 6. Be3 e5 7. Nb3 Be6 8. Qd2
Nbd7 9. O-O-O b5 10. f4 Rc8 11. f5 Bc4 12. Kb1 Be7 13. Bd3 Nb6 14. Qe2 Bxd3 15.
Rxd3 b4 16. Bxb6 Qxb6 17. Nd5 Nxd5 18. Rxd5 Rc6 19. g4 Bh4 20. Na5 Rc5 21. Nc4
Qc7 22. Nxd6+ Ke7 23. Rhd1 Rd8 24. Nc4 Kf8 25. Nxe5 Rcxd5 26. exd5 Re8 27. d6
Qd8 28. d7 Re7 29. g5 Bxg5 30. Qe4 Bf6 31. Qa8 Rxe5 32. Qc6 a5 33. a4 Be7 34.
Qf3 h6 35. Ka2 Rc5 36. Qe4 Qc7 37. Qa8+ Qd8 38. Qe4 Rc7 39. f6 Rxd7 40. fxe7+
Qxe7 41. Qa8+ Qe8 42. Qf3 Qe6+ 43. b3 {Tiempo} 1-0

[Event "Ctor por Equipos de Aragon-Division de Honor"]
[Site ""]
[Date "2023.02.25"]
[Round "5.32"]
[White "Gella Lopez, Angel"]
[Black "Fabre Perez, Jose Maria"]
[Result "0-1"]
[WhiteElo "2023"]
[BlackElo "1981"]
[PlyCount "0"]
[WhiteTeam "Atletismo Huesca"]
[BlackTeam "Delicias"]
[EventDate "2023.01.28"]

1. d4 Nf6 2. c4 g6 3. Nc3 Bg7 4. e4 d6 5. Nf3 O-O 6. Be2 c5 7. d5 e6 8. O-O Re8
9. Nd2 Na6 10. f3 Nc7 11. a4 Nh5 12. f4 Bd4+ 13. Kh1 Qh4 14. Bxh5 Qxh5 15. Qxh5
gxh5 16. dxe6 Bxe6 17. f5 Bd7 18. Nd5 Nxd5 19. exd5 Re2 20. Nf3 Bxf5 21. h3 Be4
22. Bf4 Rd8 23. Rae1 Bd3 24. b3 Rb2 25. Nxd4 Bxf1 26. Nf5 Bxg2+ 27. Kg1 Bxh3
28. Bg5 Rg2+ 29. Kh1 Rxg5 0-1

[Event "Cto por Equipos de Aragon-Preferente I"]
[Site ""]
[Date "2023.02.25"]
[Round "5.33"]
[White "Pedrol Aguila, Mario"]
[Black "Sancho Cortes, Miguel Angel"]
[Result "0-1"]
[WhiteElo "1681"]
[BlackElo "2024"]
[PlyCount "0"]
[WhiteTeam "Agrupacion B"]
[BlackTeam "Iberajedrez Mundo 64 B"]
[EventDate "2023.01.28"]

1. e4 c5 2. d4 cxd4 3. c3 d5 4. exd5 Qxd5 5. cxd4 Nc6 6. Nf3 e5 7. Nc3 Bb4 8.
Bd2 Bxc3 9. Bxc3 e4 10. Ne5 Nxe5 11. dxe5 Ne7 12. Qxd5 Nxd5 13. Bb5+ Bd7 14.
Bxd7+ Kxd7 15. O-O-O Ke6 16. Bd4 Nb4 17. Kb1 Rhd8 18. Rhe1 Nd3 19. Bc3 Nxe1 20.
Rxe1 Kf5 21. a4 Rac8 22. e6 fxe6 23. Bxg7 Rg8 24. g4+ Kxg4 25. Be5 Kf5 26. Bg3
Rgd8 27. Bh4 Rd2 28. Rg1 Rcc2 29. Rg5+ Kf4 30. Rb5 Rxf2 31. Bg3+ Kf3 32. Rxb7
e3 33. Rb4 Rxh2 34. Bb8 Rxb2+ 0-1

[Event "Cto por Equipos de Aragon-Preferente I"]
[Site ""]
[Date "2023.02.25"]
[Round "5.34"]
[White "Garcia Acin, Pablo"]
[Black "Carrasquer Gonzalvo, Juan"]
[Result "1-0"]
[WhiteElo "1851"]
[BlackElo "1532"]
[PlyCount "0"]
[WhiteTeam "Iberajedrez Mundo 64 B"]
[BlackTeam "Agrupacion B"]
[EventDate "2023.01.28"]


1. e4 e5 2. Nf3 Nc6 3. Bb5 a6 4. Ba4 Nf6 5. d3 b5 6. Bb3 Be7 7. a4 b4 8. a5 d6
9. O-O O-O 10. Nbd2 Bg4 11. h3 Bh5 12. c3 Kh8 13. Re1 h6 14. Nf1 g5 15. Ng3 Bg6
16. Nh2 Rb8 17. Bc4 Qc8 18. Nhf1 Nh7 19. Ne3 h5 20. Bd5 Nd8 21. Nef5 Bf6 22.
Nxh5 Bxf5 23. exf5 Qxf5 24. Be4 Qe6 25. Nxf6 Qxf6 26. Qh5 Qg7 27. Bxg5 f5 28.
Bh6 Qf7 29. Qxf7 Rxf7 30. Bd5 Rf6 31. Bd2 c6 32. Bf3 b3 33. Ra3 Ne6 34. Be3 e4
35. dxe4 f4 36. Bb6 Nhg5 37. Bg4 f3 38. g3 c5 39. h4 Nf7 40. Rxb3 Rg8 41. Bf5
Ng7 42. Bc7 Ne5 43. Rb6 Nh5 44. Rxd6 Nxg3 45. fxg3 Rxg3+ 46. Kf1 Rxd6 47. Bxd6
1-0

[Event "Cto por Equipos de Aragon-Preferente I"]
[Site ""]
[Date "2023.02.25"]
[Round "5.35"]
[White "Ivanov Ivanov, Deni"]
[Black "Garcia Monterde, Francisco Jose"]
[Result "0-1"]
[WhiteElo "1453"]
[BlackElo "1816"]
[PlyCount "0"]
[WhiteTeam "Agrupacion B"]
[BlackTeam "Iberajedrez Mundo 64 B"]
[EventDate "2023.01.28"]

1. d4 c5 2. d5 b5 3. e4 Qb6 4. Be3 d6 5. Nf3 g6 6. Be2 Bg7 7. c3 Nf6 8. Qc2 Ng4
9. Bg5 Nd7 10. O-O h6 11. Bh4 Nde5 12. Nbd2 g5 13. Bg3 a5 14. Nxe5 Nxe5 15. a4
Bd7 16. Bxb5 Bxb5 17. axb5 Qxb5 18. c4 Qb4 19. Ra4 Qb6 20. Rfa1 O-O 21. Nb1
Rfb8 22. R1a2 Qb3 23. Qe2 Nd3 24. Nd2 Qc2 25. b3 Qc1+ 26. Qf1 Qc3 27. h3 Nb2
28. Qe2 Nxa4 29. Rxa4 Qc2 30. e5 Rxb3 31. exd6 exd6 32. Rxa5 Rxa5 33. Qe8+ Kh7
34. Nxb3 Ra2 35. Bxd6 Qxc4 36. Bxc5 Rb2 37. Bd4 Rxb3 38. Qe4+ Kg8 39. Qe8+ Bf8
40. Qe5 Rb1+ 41. Kh2 Bd6 42. Qxd6 Qxd4 43. Qd8+ Kg7 44. Qc7 Qf4+ 0-1

[Event "Cto por Equipos de Aragon-Preferente I"]
[Site ""]
[Date "2023.02.25"]
[Round "5.36"]
[White "Barranco Castillo, Jose Antonio"]
[Black "Casasnovas Sanchez, Raul"]
[Result "1-0"]
[WhiteElo "1650"]
[BlackElo "1425"]
[PlyCount "0"]
[WhiteTeam "Iberajedrez Mundo 64 B"]
[BlackTeam "Agrupacion B"]
[EventDate "2023.01.28"]

1. c4 Nf6 2. g3 e6 3. Bg2 d5 4. Nf3 Be7 5. O-O O-O 6. d4 Nbd7 7. Qc2 c5 8. Rd1
b6 9. Nc3 Bb7 10. cxd5 Nxd5 11. Nxd5 exd5 12. Bf4 Rc8 13. Qf5 c4 14. Rac1 Nf6
15. Ne5 b5 16. h4 Bd6 17. Bg5 Be7 18. Bxf6 Bxf6 19. Nd7 Re8 20. Nxf6+ Qxf6 21.
Qxf6 gxf6 22. e3 Red8 23. Bf3 Rd6 24. Kg2 a5 25. g4 Rb6 26. Kg3 b4 27. a3 bxa3
28. bxa3 a4 29. Rc3 Rb3 30. Rdc1 Rb8 31. Bd1 Rxc3 32. Rxc3 Bc6 33. Kf4 Kf8 34.
f3 Rb1 35. Bc2 Rc1 36. e4 Ke7 37. exd5 Bxd5 38. Re3+ Kd6 39. Bxh7 c3 40. Bf5
Bb3 41. Be4 Ke7 42. h5 Kf8 43. Kf5 Kg7 44. h6+ Kxh6 45. Kxf6 Rh1 46. Rxc3 Be6
47. d5 Bd7 48. Rc7 Bf5 49. Bxf5 Rc1 50. g5+ Kh5 51. Bg4+ Kh4 52. Rxc1 1-0

[Event "Cto por Equipos de Aragon-Preferente I"]
[Site ""]
[Date "2023.02.25"]
[Round "5.37"]
[White "Portero Garnica, Miguel Angel"]
[Black "Cebollada Pacheco, Jesus Raul"]
[Result "0-1"]
[WhiteElo "2072"]
[BlackElo "1955"]
[PlyCount "0"]
[WhiteTeam "Marcos Frechin B"]
[BlackTeam "MyInvestor Casablanca B"]
[EventDate "2023.01.28"]

1. e4 e5 2. Nf3 Nc6 3. Bb5 a6 4. Ba4 Nf6 5. Qe2 b5 6. Bb3 Bc5 7. a4 Rb8 8. Nc3
b4 9. Nd5 O-O 10. Bc4 d6 11. c3 a5 12. O-O h6 13. Rd1 bxc3 14. bxc3 Ba7 15. h3
Re8 16. Bb5 Bd7 17. Nxf6+ Qxf6 18. Qc4 Qe6 19. Qd5 Rb6 20. d3 Qxd5 21. exd5 Nb8
22. Be3 Rb7 23. Bxa7 Rxa7 24. Rdb1 Rd8 25. Nd2 Kf8 26. Nc4 Bf5 27. Ne3 Bg6 28.
Kf1 Ke7 29. Ke2 f6 30. Rb2 Nd7 31. Bxd7 Kxd7 32. Rab1 Bf7 33. Rb7 Rxb7 34. Rxb7
Ra8 35. Rb5 Be8 36. Nf5 Kd8 37. Rb7 Bxa4 38. Nxg7 Bd7 39. Kd2 a4 40. Kc2 a3 41.
Kb1 a2+ 42. Ka1 Ra3 43. c4 Rxd3 44. Kxa2 Rc3 45. Rb4 Rc2+ 46. Rb2 Rxc4 47. Rd2
Ke7 48. Nh5 f5 49. Kb3 Rc5 50. Ng3 Kf6 51. Kb4 Be8 52. Ne2 Bb5 53. Nc3 Be8 54.
f3 Bg6 55. Re2 Bf7 56. Rd2 Ke7 57. Rd3 c6 58. dxc6 Rxc6 59. Re3 Rc4+ 60. Kb5
Rd4 61. g3 Be8+ 62. Kb6 Ke6 63. Ne2 Rb4+ 64. Ka5 Rb2 65. Nf4+ Kd7 66. Nd5 Bf7
67. Nb6+ Ke6 68. h4 Be8 69. Nc4 Rb5+ 70. Ka6 Rc5 71. Nd2 Bc6 72. f4 e4 73. Nb3
Rd5 74. Kb6 Ba4 75. Na5 Rb5+ 76. Ka6 Rb1 77. Ra3 Bb5+ 78. Kb6 Bd3+ 79. Kc6 Rc1+
80. Kb6 Rg1 81. Nc6 Rxg3 82. Nd4+ Kf6 83. Kc7 Rg4 84. Ra8 Rxf4 85. Kxd6 Bc4 86.
Rf8+ Bf7 87. Ne6 Rf1 88. Nd8 Rd1+ 89. Kc7 Rxd8 90. Rxd8 e3 91. Rd3 e2 92. Re3
Bc4 93. Kc6 f4 94. Re4 Kf5 95. Re8 f3 0-1

[Event "Cto por Equipos de Aragon-Preferente I"]
[Site ""]
[Date "2023.02.25"]
[Round "5.38"]
[White "Antonano Fernandez-Quincoces, Avelino"]
[Black "Jario Garcia, Ricardo"]
[Result "0-1"]
[WhiteElo "1901"]
[BlackElo "2005"]
[PlyCount "0"]
[WhiteTeam "MyInvestor Casablanca B"]
[BlackTeam "Marcos Frechin B"]
[EventDate "2023.01.28"]

1. e4 c5 2. Nf3 Nc6 3. d4 cxd4 4. Nxd4 g6 5. c4 Nf6 6. Nc3 d6 7. Be2 Bg7 8. Be3
O-O 9. O-O a5 10. b3 Bd7 11. Ndb5 a4 12. bxa4 Qa5 13. Rc1 Be6 14. f3 Nd7 15.
Kh1 Nc5 16. Nd5 Qxa4 17. Qxa4 Rxa4 18. Rc2 Bxd5 19. cxd5 Nb4 20. Rc4 Rxa2 21.
Rxb4 Rxe2 22. Bg1 Ra8 23. Nd4 Rd2 24. Nb3 Rb2 25. Bxc5 dxc5 26. Rxb7 c4 27. Nc5
Rxb7 28. Nxb7 c3 29. Nc5 c2 30. Nb3 Rb8 0-1

[Event "Cto por Equipos de Aragon-Preferente I"]
[Site ""]
[Date "2023.02.25"]
[Round "5.39"]
[White "Moya Gimeno, Raul"]
[Black "Alvarez Gonzalo, Miguel Angel"]
[Result "1-0"]
[WhiteElo "1944"]
[BlackElo "1767"]
[PlyCount "0"]
[WhiteTeam "Marcos Frechin B"]
[BlackTeam "MyInvestor Casablanca B"]
[EventDate "2023.01.28"]

1. e4 c5 2. Nf3 d6 3. d4 cxd4 4. Nxd4 Nf6 5. Nc3 a6 6. Be3 e5 7. Nb3 Be6 8. f3
Be7 9. Qd2 b5 10. Nd5 Bxd5 11. exd5 Nbd7 12. g4 Nb6 13. Bxb6 Qxb6 14. O-O-O O-O
15. Bd3 a5 16. Kb1 a4 17. Nc1 b4 18. Be4 Rfb8 19. h4 Qa7 20. Rh2 Bd8 21. h5 h6
22. Bf5 Nd7 23. Nd3 Bg5 24. Qe2 Nc5 25. Nxc5 Qxc5 26. Bd3 a3 27. Qe4 b3 28.
cxb3 Rc8 29. Rc2 Qa7 30. Qh7+ Kf8 31. Qh8+ Ke7 32. Rxc8 Rxc8 33. Qxc8 axb2 34.
Bb5 g6 35. Qe8+ Kf6 36. Qh8+ Ke7 37. hxg6 Qc7 38. Qe8+ Kf6 39. Qxf7+ 1-0

[Event "Cto por Equipos de Aragon-Preferente I"]
[Site ""]
[Date "2023.02.25"]
[Round "5.40"]
[White "Lazaro Abadias, Andres"]
[Black "Jario Dominguez, Diego"]
[Result "1-0"]
[WhiteElo "1582"]
[BlackElo "1622"]
[PlyCount "0"]
[WhiteTeam "MyInvestor Casablanca B"]
[BlackTeam "Marcos Frechin B"]
[EventDate "2023.01.28"]

1. c4 e5 2. Nc3 Nc6 3. Nf3 Bc5 4. g3 f5 5. e3 e4 6. Ng1 Ne5 7. d4 exd3 8. Bxd3
Nxd3+ 9. Qxd3 d6 10. Nge2 Ne7 11. Bd2 a6 12. Nd5 Nc6 13. Bc3 Ne5 14. Bxe5 dxe5
15. Rd1 O-O 16. Qc3 Qd6 17. b4 Ba7 18. c5 Qd8 19. Nb6 Qe7 20. Nxa8 b6 21. cxb6
cxb6 22. Qc7 Qxb4+ 23. Kf1 Qe4 24. Rg1 Qxa8 25. Rd8 Rxd8 26. Qxd8+ Kf7 27. Nc3
Qc6 28. Qd5+ Qe6 29. Ke2 Bb8 30. Rb1 Qxd5 31. Nxd5 b5 32. a4 Be6 33. Nc3 Bd6
34. axb5 axb5 35. Nxb5 Bc4+ 36. Kd2 Bxb5 37. Rxb5 f4 38. exf4 exf4 39. Ke2 fxg3
40. hxg3 Be7 41. Rb3 Bf6 42. Ra3 Kg6 43. Kf3 Kf5 44. g4+ Kg5 45. Ra5+ Kh4 46.
Rh5# 1-0

[Event "Cto por Equipos de Aragon-Preferente I"]
[Site ""]
[Date "2023.02.25"]
[Round "5.41"]
[White "Malo Guillen, Jose Luis"]
[Black "Torcal Miguel, Oscar"]
[Result "1/2-1/2"]
[WhiteElo "2128"]
[BlackElo "2055"]
[PlyCount "0"]
[WhiteTeam "Las Fuentes A"]
[BlackTeam "Helios B"]
[EventDate "2023.01.28"]

1.d4 Nf6 2.Nf3 e6 3.c4 Bb4+ 4.Bd2 Qe7 5.g3 Nc6 6.Bg2 a5 7.O-O Bxd2 8.Nbxd2 d6
9.e4 e5 10.d5 Nb8 11.Qc2 O-O 12.Ne1 Na6 13.Nd3 Nd7 14.a3 Ndc5 15.Nxc5 Nxc5 16.
b4 Na6 17.Qc3 f5 18.f4 exf4 19.Rxf4 Bd7 20.Re1 axb4 21.axb4 Qe5 22.Qxe5 dxe5
23.Rf3 fxe4 24.Rxf8+ Kxf8 25.Nxe4 Nxb4 26.Nc5 Bc8 27.Rxe5 Ra1+ 28.Kf2 b6 29.
Ne6+ Bxe6 30.Rxe6 1/2-1/2

[Event "Cto por Equipos de Aragon-Preferente I"]
[Site ""]
[Date "2023.02.25"]
[Round "5.42"]
[White "Lorente Melcon, Maximo"]
[Black "Montes Santos, Lorenzo"]
[Result "1-0"]
[WhiteElo "1980"]
[BlackElo "2017"]
[PlyCount "0"]
[WhiteTeam "Helios B"]
[BlackTeam "Las Fuentes A"]
[EventDate "2023.01.28"]

1.e4 g6 2.d4 Bg7 3.Nc3 d6 4.Nf3 Nf6 5.Bg5 O-O 6.Qd2 c6 7.O-O-O b5 8.Bd3 b4 9.
Ne2 a5 10.h4 c5 11.Ng3 Qc7 12.dxc5 dxc5 13.Bf4 Qb6 14.h5 Rd8 15.Qe2 Nc6 16.
hxg6 hxg6 17.Bh6 Bg4 18.Qe3 Bh8 19.Bf8 Nh5 20.Nxh5 Bxh5 21.Rxh5 gxh5 22.Qh6
Rxf8 23.Ng5 1-0

[Event "Cto por Equipos de Aragon-Preferente I"]
[Site ""]
[Date "2023.02.25"]
[Round "5.43"]
[White "Alonso Blasco, Jose Miguel"]
[Black "Lacamara Pasamar, Miguel"]
[Result "1/2-1/2"]
[WhiteElo "1942"]
[BlackElo "1794"]
[PlyCount "0"]
[WhiteTeam "Las Fuentes A"]
[BlackTeam "Helios B"]
[EventDate "2023.01.28"]

1.e4 c5 2.Nf3 d6 3.Bb5+ Nd7 4.d4 Nf6 5.Nc3 cxd4 6.Qxd4 e5 7.Qd3 h6 8.Be3 Be7
9.O-O O-O 10.Rad1 a6 11.Bxd7 Bxd7 12.Bc1 b5 13.a3 Be6 14.Nd2 Rc8 15.Nd5 Bxd5
16.exd5 Rc5 17.Ne4 Nxe4 18.Qxe4 f5 19.Qe2 Qa8 20.f4 Rxd5 21.c4 Rxd1 22.Rxd1
Qa7+ 23.Kf1 Qc5 24.Rd5 Qxc4 25.Qxc4 bxc4 26.fxe5 dxe5 27.Rxe5 Bd6 28.Re6 Bxh2
29.Rxa6 Be5 30.Ra5 Re8 31.Rc5 Bg3 32.Bd2 Be5 33.Bc1 Bg3 34.Bd2 Be5 35.Bc1
1/2-1/2

[Event "Cto por Equipos de Aragon-Preferente I"]
[Site ""]
[Date "2023.02.25"]
[Round "5.44"]
[White "Torcal Miguel, Paula"]
[Black "Pascual Sese, Lucas"]
[Result "0-1"]
[WhiteElo "1590"]
[BlackElo "1722"]
[PlyCount "0"]
[WhiteTeam "Helios B"]
[BlackTeam "Las Fuentes A"]
[EventDate "2023.01.28"]

1.e4 c6 2.d4 d5 3.exd5 cxd5 4.Nf3 Nf6 5.c3 Nc6 6.Bf4 a6 7.Bd3 Bg4 8.Nbd2 e6 9.
Qc2 Rc8 10.a3 Be7 11.O-O O-O 12.Rfe1 Bh5 13.Rab1 b5 14.Ne5 Nxd4 15.Qc1 Nd7 16.
Ndf3 Nxf3+ 17.Nxf3 Nc5 18.Be2 Bg6 19.Qe3 Bxb1 20.Rxb1 Ne4 21.Bd3 Bc5 22.Nd4
Bxd4 23.Qxd4 f6 24.Bxe4 dxe4 25.Qxe4 e5 26.Be3 Qd7 27.h3 Rfd8 28.Bb6 Qd3 29.
Qe1 Rd7 30.h4 Rc6 31.Be3 Rcd6 32.Kh2 Qc2 0-1

[Event "Cto por Equipos de Aragon-Preferente I"]
[Site ""]
[Date "2023.02.25"]
[Round "5.45"]
[White "Franco Ibanez, Carlos"]
[Black "Dominguez Luzon, Fernando"]
[Result "1-0"]
[WhiteElo "1859"]
[BlackElo "1960"]
[PlyCount "0"]
[WhiteTeam "Shatranj A"]
[BlackTeam "Delicias B"]
[EventDate "2023.01.28"]

1. d4 Nf6 2. c4 e6 3. g3 d5 4. Nf3 Be7 5. Bg2 O-O 6. O-O b6 7. Nc3 Bb7 
8. Ne5 Nbd7 9. Qa4 Nxe5 10. dxe5 Ne4 11. cxd5 Nxc3 12. bxc3 exd5 
13. c4 c6 14. Rd1 Qc7 15. cxd5 cxd5 16. Bxd5 Bxd5 17. Rxd5 Qc3 
18. Qd4 Qe1+ 19. Kg2 Bc5 20. Qf4 Rad8 21. e4 Bd4 22. Bb2 1-0

[Event "Cto por Equipos de Aragon-Preferente I"]
[Site ""]
[Date "2023.02.25"]
[Round "5.46"]
[White "Gaspar Calvo, Luis Alberto"]
[Black "Del Corral Abancens, Alfonso"]
[Result "1-0"]
[WhiteElo "1845"]
[BlackElo "1853"]
[PlyCount "0"]
[WhiteTeam "Delicias B"]
[BlackTeam "Shatranj A"]
[EventDate "2023.01.28"]

1. c4 e5 2. Nc3 f5 3. g3 Nc6 4. Nf3 g6 5. d3 Be7 6. Bg2 d6 7. O-O Nf6 
8. Ne1 O-O 9. Nc2 f4 10. gxf4 Nh5 11. Bd5+ 1-0

[Event "Cto por Equipos de Aragon-Preferente I"]
[Site ""]
[Date "2023.02.25"]
[Round "5.47"]
[White "Ballonga Arruego, Alejandro"]
[Black "Martinez Blanco, Ruben"]
[Result "1-0"]
[WhiteElo "1656"]
[BlackElo "1317"]
[PlyCount "0"]
[WhiteTeam "Shatranj A"]
[BlackTeam "Delicias B"]
[EventDate "2023.01.28"]

1. c4 c5 2. Nc3 Nc6 3. Nf3 g6 4. g3 Bg7 5. Bg2 e5 6. O-O d6 7. d3 Nge7 
8. Bd2 O-O 9. Rb1 f5 10. a3 a5 11. Ne1 f4 12. Nc2 Be6 13. b4 axb4 
14. axb4 cxb4 15. Nxb4 Qd7 16. Nbd5 Bxd5 17. Nxd5 Nxd5 18. Bxd5+ Kh8 
19. Qb3 Nd4 20. Qd1 Rab8 21. e3 Ne6 22. Qg4 Nc5 23. Qxd7 Nxd7 
24. exf4 Nc5 25. Be4 Bh6 26. Bc3 Bg7 27. fxe5 Rfe8 28. Rb5 Bxe5 
29. Bxe5+ Rxe5 30. Bxg6 hxg6 31. d4 Re4 32. dxc5 dxc5 33. Rxc5 Rd8 
34. Rb1 Rdd4 35. Rc8+ Kh7 36. Rxb7+ Kh6 37. h4 Kh5 38. c5 Kg4 39. Kg2 Re2 
40. c6 Rd1 41. Rb5 1-0

[Event "Cto por Equipos de Aragon-Preferente I"]
[Site ""]
[Date "2023.02.25"]
[Round "5.48"]
[White "Jarabo Marin, Pablo"]
[Black "Santos Hernandez, Higinio"]
[Result "0-1"]
[WhiteElo "1246"]
[BlackElo "1434"]
[PlyCount "0"]
[WhiteTeam "Delicias B"]
[BlackTeam "Shatranj A"]
[EventDate "2023.01.28"]

1. e4 c5 2. Nf3 d6 3. d4 cxd4 4. Nxd4 Nf6 5. Nc3 a6 6. h3 b5 7. a3 Bb7 
8. Bd3 e6 9. Be3 Be7 10. Qd2 Nc6 11. Nb3 Qc7 12. f4 Rd8 13. O-O-O O-O 
14. Be2 d5 15. Bf3 dxe4 16. Qf2 exf3 17. Qxf3 Na5 18. Qf2 Nxb3+ 
19. cxb3 Ne4 20. Qc2 Nxc3 21. bxc3 Bf6 22. Kb2 Rc8 23. Rc1 Rfd8 24. Rhe1 a5 
25. Bd2 b4 26. Kb1 bxa3 0-1

[Event "Cto por Equipos de Aragon-Preferente I"]
[Site ""]
[Date "2023.02.25"]
[Round "5.49"]
[White "Garcia Alriols, Jesus"]
[Black "Delgado Pascual, Hugo"]
[Result "0-1"]
[WhiteElo "1823"]
[BlackElo "1798"]
[PlyCount "0"]
[WhiteTeam "Binefar A"]
[BlackTeam "Enroque Barbastro A"]
[EventDate "2023.01.28"]


1. e4 c5 2. Nf3 d6 3. d4 Nf6 4. Nc3 cxd4 5. Nxd4 a6 6. a4 e5 7. Nb3 Be6 
8. Bg5 
Be7 9. Bxf6 Bxf6 10. Nd5 Nd7 11. a5 O-O 12. Be2 Rc8 13. c3 Be7 
14. O-O f5 15. 
Bf3 fxe4 16. Bxe4 Nf6 17. Nxf6+ Bxf6 18. Bxb7 Rb8 19. Bd5 Qe7 
20. Ra3 Qf7 21. c4 
Bxd5 22. Qxd5 Qxd5 23. cxd5 Rb5 24. Rd1 Rfb8 25. Nc1 Rxb2 
26. Nd3 Rb1 27. Rf1 
Rxf1+ 28. Kxf1 Rb5 29. Ke2 Bd8 30. Rc3 Kf7 31. Rc6 Rxd5 
32. Rxa6 Bxa5 33. f3 h5 
34. Nf2 Rd2+ 35. Ke3 Bb4 36. Ra4 Rb2 37. Nd3 Bc5+ 
38. Ke4 Re2+ 39. Kd5 Rd2 40. 
Ke4 Bg1 41. Ra5 Rxg2 42. h4 Re2+ 43. Kd5 Bh2 
44. Ra7+ Kf6 45. Rd7 Re3 46. Rxd6+ 
Kf5 47. Nc5 Rxf3 48. Rd7 g6 49. Rf7+ Kg4 
50. Rg7 Kxh4 51. Rxg6 Kh3 52. Ne4 Rf1 
53. Rg5 h4 54. Kc4 Bg3 55. Kd3 Kg2 
56. Rg4 Rd1+ 57. Ke2 Re1+ 58. Kd3 Kf3 59. Nf6 
Rd1+ 60. Kc2 Rd6 61. Rg6 h3 
62. Rxg3+ Kxg3 63. Ne4+ Kg2 1-0

[Event "Cto por Equipos de Aragon-Preferente I"]
[Site ""]
[Date "2023.02.25"]
[Round "5.50"]
[White "Campo Pelegrin, Ramon"]
[Black "Ballarin Corvinos, Jorge"]
[Result "0-1"]
[WhiteElo "1788"]
[BlackElo "1748"]
[PlyCount "0"]
[WhiteTeam "Enroque Barbastro A"]
[BlackTeam "Binefar A"]
[EventDate "2023.01.28"]


1. e4 c5 2. Nc3 e6 3. f4 Nc6 4. Nf3 Nf6 5. a4 d5 6. e5 Nd7 7. g3 Be7 
8. Bh3 Nf8 
9. d3 Ng6 10. Ne2 f6 11. d4 O-O 12. c3 fxe5 13. dxe5 Rb8 
14. O-O b5 15. axb5 
Rxb5 16. Qc2 Qb6 17. c4 Rb4 18. cxd5 exd5 19. Bxc8 Rxc8 
20. Nc3 c4+ 21. Kh1 Rd8 
22. Qf5 d4 23. Qe6+ Kh8 24. Nd5 Qb7 25. Nxb4 Bxb4 
26. Qxc4 d3 27. Qe4 d2 28. 
Bxd2 Bxd2 29. Rad1 Ba5 30. Rxd8+ Nxd8 
31. Qxb7 Nxb7 32. b4 Bxb4 33. Rd1 Nf8 34. 
Nd4 g6 35. Rb1 Bc5 36. Nc6 Bb6 
37. Nxa7 Bxa7 38. Rxb7 Bc5 39. Kg2 Kg8 40. Kf3 
Ne6 41. Ke4 Ng7 42. h3 Kf8 
43. g4 Be7 44. f5 Ne8 45. f6 Bxf6 46. exf6 Nd6+ 47. 
Kf4 Nxb7 48. Kg5 Nd6 
49. Kh6 Kg8 50. Kg5 Ne4+ 51. Kh6 Nxf6 52. g5 Nd7 53. h4 Ne5 
0-1

[Event "Cto por Equipos de Aragon-Preferente I"]
[Site ""]
[Date "2023.02.25"]
[Round "5.51"]
[White "Rosa Garcia, Jesus"]
[Black "Carrera Angulo, Nicolas"]
[Result "0-1"]
[WhiteElo "1696"]
[BlackElo "1616"]
[PlyCount "0"]
[WhiteTeam "Binefar A"]
[BlackTeam "Enroque Barbastro A"]
[EventDate "2023.01.28"]


1. b4 e5 2. Bb2 d6 3. e3 a6 4. Nf3 Nc6 5. a3 Nf6 6. Be2 Be7 7. d3 Bf5 
8. Nbd2 
O-O 9. O-O h6 10. Rc1 Qd7 11. c4 b5 12. Qc2 Na7 13. cxb5 Nxb5 
14. a4 Na7 15. 
Qxc7 Nd5 16. Qa5 Qb7 17. b5 axb5 18. Ne4 bxa4 19. Ba3 Nb5 
20. Qd2 Nxa3 21. Nxd6 
Bxd6 22. e4 Be6 23. exd5 Qxd5 24. Ra1 Rfc8 
25. Ne1 Qb3 26. Bd1 Qc3 27. Qxc3 Rxc3 
28. Be2 Bb3 29. Nf3 Nc2 30. Rfc1 0-1